Brassens - Les Passantes - Statistiques

Statistiques générales
  • Ce quiz a été pris 132 fois
    130 depuis la dernière actualisation
  • Le résultat moyen est 180 sur 234
Statistiques - réponses
Paroles % Correct
à
100%
A
100%
a
100%
Je
100%
l'
100%
le
100%
les
100%
ce
98%
d'
98%
de
98%
on
98%
qu'
98%
aime
97%
et
97%
femmes
97%
poème
97%
tout
97%
toutes
97%
n'
95%
se
95%
un
95%
veux
95%
celle
94%
dédier
94%
qui
94%
en
92%
que
92%
instants
91%
ne
91%
pendant
91%
quelques
91%
sa
91%
des
89%
la
89%
voit
89%
apparaitre
88%
différent
88%
fenêtre
88%
secrets
88%
entraine
86%
une
86%
destin
84%
jamais
84%
si
84%
est
81%
pour
81%
près
81%
peine
80%
seconde
80%
chemin
78%
pas
78%
dont
77%
peu
77%
su
77%
être
75%
preste
75%
connaît
73%
paysage
73%
retrouve
73%
trop
73%
ces
72%
charmant
72%
yeux
72%
demeure
70%
épanoui
70%
fluette
70%
grises
70%
heures
70%
passantes
70%
silhouette
70%
svelte
70%
compagne
69%
du
69%
font
69%
gracieuse
69%
il
69%
seul
69%
voyage
69%
comprendre
67%
déjà
67%
mais
67%
Mais
67%
vivant
67%
belles
66%
bonheur
66%
court
66%
peut
66%
prise
66%
s'évanouit
66%
sont
66%
avec
64%
envie
64%
paraitre
64%
retenir
64%
vie
64%
souvienne
63%
avenir
61%
mélancolie
61%
survienne
61%
tous
61%
laisse
59%
laissé
59%
rare
59%
désespérant
58%
voir
58%
inutile
56%
manqué
56%
vous
56%
épisodes
55%
folie
55%
pourtant
55%
descendre
53%
songe
53%
nous
52%
aux
50%
bonheurs
50%
entrevus
50%
main
50%
revus
50%
ont
48%
avoir
47%
effleuré
47%
prendre
47%
sans
47%
souvenir
47%
attendre
45%
solitude
45%
lèvres
44%
osa
44%
lassitude
42%
absentes
41%
oubli
41%
dans
39%
soirs
39%
baisers
38%
fantômes
38%
Alors,
36%
jour
36%
pleure
36%
demain
34%
doivent
34%
peuplant
31%
serez
31%
aperçues
28%
coeurs
28%
déçues
28%
espérance
28%
images
28%
Chères
25%
Aucun quiz correspondant
Distribution des résultats
% des personnes avec chaque résultat
Percentile par nombre de réponses
Votre historique - résultats
Vous n’avez pas pris ce quiz depuis la dernière actualisation